LEADER 01468nam a2200289 u 4500 001 000000070007 003 CaOOAMICUS 005 20070226121955.0 008 020424s1975 fr u000 u fre u 035 $a10927705 040 $aPUL(R)$bita 100 1 $aLarès, Micheline Maurice.$0(OLS)http://pul/name/14614 245 10$aBible et civilisation anglaise :$bcontribution a l'etude des elements d'Ancien Testament dans la civilisation viel-anglaise /$cMichelin Lares. 260 $aLille :$bUniversite de Lille, Service de reproduction des theses,$c1975. 300 $avii, 545 p. ;$c25 cm 500 $aComprende indici. 502 $aThése -- Université de Paris III, 1971. 504 $aBibliografia: p. 512-520. 630 04$aBiblia.$pV.T.$0(OLS)http://pul/subject/1661 650 4$aLetteratura latina medievale e moderna$zInghilterra$ySec. VII-IX.$0(OLS)http://pul/subject/25041 650 4$aLetteratura religiosa inglese$yEvo medio.$0(OLS)http://pul/subject/25042 850 $aPUL 852 $aPUL$W1$xSL Filosofia 1$y2$m129 H 27$j90618$nBK-PRI$b $qStampati$B90618$CPULBib$Z2$F90618 $H $81 941 1 $a8 961 $aINV: 42696 996 $6245$aBible et civilisation anglaise :$bcontribution a l'etude des elements d'Ancien Testament dans la civilisation viel-anglaise$9(OLS)http://pul/title/92368 996 $6260$aLille :$bUniversite de Lille, Service de reproduction des theses$9(OLS)http://pul/publisher/72863 LEADER 01616nam a2200337 a 4500 001 000000158075 003 CaOOAMICUS 005 20170123144555.0 008 170123s2016 vc u000 u ita r 020 $a978-88-209-9863-9* 032 $aLibriCat 040 $aPUL$bita 082 14$a269.2 110 2 $aCongregazione per gli istituti di Vita consacrata e le Società di Vita Apostolica.$0(OLS)http://pul/name/78797 245 10$aAnnunciate : $bai consacrati e alle consacrate testimoni del Vangelo tra le genti. 260 $aCittà del Vaticano :$bLibreria editrice vaticana,$c©2016. 300 $a157 p. ;$c19 cm. 490 1 $aAnno della vita consacrata ;$v04 504 $aBibliografia in nota a piè pagina. 650 4$aEvangelizzazione.$0(OLS)http://pul/subject/1355 830 0$aAnno della vita consacrata ;$v04.$0(OLS)http://pul/title/197680 850 $aPUL 852 $aPUL$W1$xSL Religione 3$y85$m269. 2 CPIVC 1$j181403$qDDC 21$B184544$CPULBib$Z2$F184544 $H128679 $81 910 $aSacra Congregazione per i religiosi e gli istituti secolari$978797 910 $aCongregatio pro institutis vitae consecratae et societatibus vitae apostolicae$978797 941 1 $a9 996 $6020$a978-88-209-9863-9*$9(OLS)http://pul/number/161846 996 $6082$a269.2$9(OLS)http://pul/classification/634 996 $6245$aAnnunciate : $bai consacrati e alle consacrate testimoni del Vangelo tra le genti$9(OLS)http://pul/title/197679 996 $6260$aCittà del Vaticano :$bLibreria editrice vaticana$9(OLS)http://pul/publisher/47920